Evaluación estructural y diagnóstico del puente-paso elevado sobre la entrada a Escazú, carretera San José-Ciudad Colón
Bewaard in:
| Hoofdauteur: | |
|---|---|
| Formaat: | Boek |
| Gepubliceerd in: |
San José, C.R.
2000
|
| Onderwerpen: | |
| Tags: |
Voeg label toe
Geen labels, Wees de eerste die dit record labelt!
|
MARC
| LEADER | 00000nam a2200000Ia 4500 | ||
|---|---|---|---|
| 003 | 008550 | ||
| 005 | 20221231144208.0 | ||
| 008 | 140114s2000 cr a m 000 ||s d | ||
| 040 | |c cru CEDI | ||
| 090 | |a TFG 4179 | ||
| 100 | |a Gamboa Núñez, Daniel |9 8169 | ||
| 245 | |a Evaluación estructural y diagnóstico del puente-paso elevado sobre la entrada a Escazú, carretera San José-Ciudad Colón | ||
| 260 | |c 2000 |a San José, C.R. | ||
| 300 | |a 220 hojas, [60] hojas : ilustraciones (algunas a color) | ||
| 500 | |a Tesis (licenciatura en Ingeniería Civil)--Universidad de Costa Rica. Escuela de Ingeniería Civil | ||
| 650 | |x LOSAS DE HORMIGON |x PUENTES |x TRANSPORTE - MANTENIMIENTO Y REPARACION |x DINAMICA DE ESTRUCTURAS |9 8170 | ||
| 942 | |c TFG | ||
| 999 | |c 18283 |d 18283 | ||
